[Event "TUR Cup"]
[Site "Antalya"]
[Date "2017.02.02"]
[Round "8"]
[White "Yilmaz, Cumhur"]
[Black "Asilkefeli, Erdem"]
[Result "1-0"]
[WhiteElo "1859"]
[BlackElo "1096"]
[PlyCount "67"]
[EventDate "2017.01.28"]
[EventType "swiss"]
[EventRounds "11"]
[EventCountry "TUR"]
[SourceTitle "CBM 176 Extra"]
[Source "ChessBase"]
[SourceDate "2017.03.02"]
[SourceVersion "1"]
[SourceVersionDate "2017.03.02"]
[SourceQuality "1"]

1. d4 d5 2. Nf3 Nc6 3. Bf4 Nf6 4. e3 Bg4 5. h3 Bh5 6. c3 e6 7. Qb3 Bxf3 8. gxf3 Rb8 9. Nd2 Be7 10. Bd3 0-0 11. h4 g6 12. h5 Nxh5 13. Rxh5 gxh5 14. 0-0-0 Kh8 15. Rh1 h4 16. Bh6 Rg8 17. Qc2 f5 18. e4 Bg5 19. Bxg5 Qxg5 20. exd5 exd5 21. Bxf5 Rg7 22. Bg4 Re8 23. Kd1 Rge7 24. Qf5 Qxf5 25. Bxf5 Re2 26. Rxh4 Re1+ 27. Kc2 R8e7 28. Bd3 Rf7 29. f4 Nd8 30. Nf3 Re8 31. Ng5 Rg7 32. Nxh7 Kg8 33. Nf6+ Kf8 34. Rh8+ 1-0

[Event "TUR Cup"]
[Site "Antalya"]
[Date "2017.02.01"]
[Round "7"]
[White "Asilkefeli, Erdem"]
[Black "Erdeniz, Mehmet"]
[Result "1-0"]
[WhiteElo "1096"]
[BlackElo "1581"]
[PlyCount "61"]
[EventDate "2017.01.28"]
[EventType "swiss"]
[EventRounds "11"]
[EventCountry "TUR"]
[SourceTitle "CBM 176 Extra"]
[Source "ChessBase"]
[SourceDate "2017.03.02"]
[SourceVersion "1"]
[SourceVersionDate "2017.03.02"]
[SourceQuality "1"]

1. e4 e5 2. Nf3 f5 3. d3 Nc6 4. c3 Nf6 5. exf5 d5 6. Bg5 Bxf5 7. Be2 Be7 8. 0-0 0-0 9. Nbd2 Kh8 10. d4 e4 11. Ne5 Nxe5 12. dxe5 Nd7 13. Bxe7 Qxe7 14. Qb3 Qxe5 15. Qxb7 Rab8 16. Qxa7 Rxb2 17. Qe3 c5 18. Nb3 Rxe2 19. Qxe2 Qxc3 20. Rac1 Qb4 21. f3 Re8 22. fxe4 Bxe4 23. Rf7 Nf6 24. Rxc5 d4 25. Rfc7 Bd3 26. Qxd3 Re3 27. Rc8+ Ng8 28. Rxg8+ Kxg8 29. Rc8+ Kf7 30. Qf5+ Ke7 31. Qf8+ 1-0

[Event "TUR Cup"]
[Site "Antalya"]
[Date "2017.01.31"]
[Round "6"]
[White "Citirki, Melek"]
[Black "Asilkefeli, Erdem"]
[Result "0-1"]
[WhiteElo "1241"]
[BlackElo "1096"]
[PlyCount "46"]
[EventDate "2017.01.28"]
[EventType "swiss"]
[EventRounds "11"]
[EventCountry "TUR"]
[SourceTitle "CBM 176 Extra"]
[Source "ChessBase"]
[SourceDate "2017.03.02"]
[SourceVersion "1"]
[SourceVersionDate "2017.03.02"]
[SourceQuality "1"]

1. e4 e5 2. Bc4 Nc6 3. Nf3 Nf6 4. Ng5 d5 5. exd5 Nxd5 6. Nxf7 Kxf7 7. Qf3+ Ke8 8. Bxd5 Qf6 9. Qxf6 gxf6 10. Nc3 Nd4 11. 0-0 Nxc2 12. Rb1 c6 13. Bb3 Nd4 14. d3 Nxb3 15. axb3 Rg8 16. Ne4 Be7 17. g3 Be6 18. Nd2 Rd8 19. Ra1 a6 20. Re1 Rxd3 21. Re4 Bd5 22. Rh4 Rh8 23. Nc4 Rd1# 0-1

[Event "TUR Cup"]
[Site "Antalya"]
[Date "2017.01.30"]
[Round "4"]
[White "Gultekin, Celal"]
[Black "Asilkefeli, Erdem"]
[Result "1-0"]
[WhiteElo "1583"]
[BlackElo "1096"]
[PlyCount "77"]
[EventDate "2017.01.28"]
[EventType "swiss"]
[EventRounds "11"]
[EventCountry "TUR"]
[SourceTitle "CBM 176 Extra"]
[Source "ChessBase"]
[SourceDate "2017.03.02"]
[SourceVersion "1"]
[SourceVersionDate "2017.03.02"]
[SourceQuality "1"]

1. e4 e5 2. Nf3 Nc6 3. Bb5 Nf6 4. 0-0 Bc5 5. c3 a6 6. Ba4 Nxe4 7. d4 exd4 8. cxd4 Ba7 9. d5 Ne7 10. Nc3 Nf6 11. Bg5 0-0 12. d6 Ng6 13. Nd5 cxd6 14. Qd3 b5 15. Bb3 Bb7 16. h4 Bxd5 17. Bxd5 Rc8 18. Rac1 Rxc1 19. Rxc1 h6 20. h5 hxg5 21. hxg6 Nxd5 22. Qxd5 Qf6 23. gxf7+ Qxf7 24. Qxg5 d5 25. Rc7 Bb8 26. Rc5 d4 27. Rd5 d3 28. Rxd3 Qxa2 29. Rd1 Qxb2 30. Qd5+ Rf7 31. Ng5 Qxf2+ 32. Kh1 Qh4+ 33. Nh3 Kf8 34. Qc5+ Ke8 35. Qc8+ Ke7 36. Rxd7+ Kf6 37. Qd8+ Kg6 38. Qxh4 Rxd7 39. Qg4+ 1-0

[Event "TUR Cup"]
[Site "Antalya"]
[Date "2017.01.29"]
[Round "3"]
[White "Asilkefeli, Erdem"]
[Black "Akcal, Hikmet"]
[Result "0-1"]
[WhiteElo "1096"]
[BlackElo "1517"]
[PlyCount "49"]
[EventDate "2017.01.28"]
[EventType "swiss"]
[EventRounds "11"]
[EventCountry "TUR"]
[SourceTitle "CBM 176 Extra"]
[Source "ChessBase"]
[SourceDate "2017.03.02"]
[SourceVersion "1"]
[SourceVersionDate "2017.03.02"]
[SourceQuality "1"]

1. e4 e5 2. Nf3 Nc6 3. Bc4 Nf6 4. d3 Be7 5. 0-0 0-0 6. Bg5 d6 7. c3 Na5 8. Bb5 Bd7 9. Bxd7 Nxd7 10. Bxe7 Qxe7 11. b4 Nc6 12. Re1 f5 13. exf5 Rxf5 14. d4 Re8 15. Nbd2 g5 16. d5 Nd8 17. Ne4 g4 18. Nfd2 h5 19. f3 Qg7 20. Ng3 gxf3 21. Rf1 h4 22. Rxf3 Rxf3 23. Nh5 Qg5 24. Nxf3 Qxh5 25. Kh1 0-1

[Event "TUR Cup"]
[Site "Antalya"]
[Date "2017.01.28"]
[Round "1"]
[White "Asilkefeli, Erdem"]
[Black "Kecili, Mustafa Firat"]
[Result "0-1"]
[WhiteElo "1096"]
[BlackElo "1818"]
[PlyCount "51"]
[EventDate "2017.01.28"]
[EventType "swiss"]
[EventRounds "11"]
[EventCountry "TUR"]
[SourceTitle "CBM 176 Extra"]
[Source "ChessBase"]
[SourceDate "2017.03.02"]
[SourceVersion "1"]
[SourceVersionDate "2017.03.02"]
[SourceQuality "1"]

1. e4 d6 2. Nf3 g6 3. d4 Bg7 4. Bc4 Nf6 5. Nbd2 0-0 6. 0-0 Nc6 7. c3 e5 8. Re1 Nh5 9. Nf1 Bg4 10. Be3 Bxf3 11. Qxf3 exd4 12. cxd4 Nxd4 13. Bxd4 Bxd4 14. Re2 Qg5 15. Rd1 Be5 16. g3 Kh8 17. Rd5 Nf4 18. Rb5 Nxe2+ 19. Qxe2 b6 20. Kh1 Qc1 21. f4 Bd4 22. e5 dxe5 23. fxe5 c6 24. Rb3 Rae8 25. Kg2 Rxe5 26. Qf3 0-1